000 00806nab a2200241u 4500
001 16740
003 HDC
007 c| |||a|c|aaaa
008 210220b20140514my ||||| |||| 00| 0 may d
040 _aHDC
100 _aMohd Zaky Zainuddin /
_eauthor
_97645
245 0 _aLSM mampu tingkat daya saing syarikat IT /
_cMohd Zaky Zainuddin
336 _atext
_2rdacontent
337 _acomputer
_2rdamedia
338 _aonline resource
_2rdacarrier
650 _aCradle Fund Sdn Bhd
_916444
650 _aLean Start Up Machine (LSM)
_916443
710 _aBERITA HARIAN
856 _zRequest full-text at [email protected]
942 _2lcc
942 _cNEWS
942 _kNWSC 004938
999 _c14056
_d14056